Borders an 'H' Country Minefield Quiz Stats

 Plays Quiz Updated Feb 13, 2019

Support Sporcle.
Go Orange.
Score 0/12 Timer 04:00
1 Play Today
First Letter Country % Correct
A???
71%
D???
69.5%
N???
59%
G???
58.6%
S???
57.7%
E???
54.4%
R???
50.5%
S???
44.8%
S???
42%
U???
41.1%
C???
38%
Mine???
34.7%

You're not logged in!

Compare scores with friends on all Sporcle quizzes.
OR
Log In
Forgot?

From the Vault

NFL Coaches: 100 Wins, One Team

by BiloxiSean

Sports 5m
These coaches knew how to get their team the win.
Remove Ads.
Support Sporcle.
Get the best of Sporcle when you Go Orange. This ad-free experience offers more features, more stats, and more fun while also helping to support Sporcle. Thank you for becoming a member.

Show Comments

Extras

Top Quizzes Today


Score Distribution

Your Account Isn't Verified!

In order to create a playlist on Sporcle, you need to verify the email address you used during registration. Go to your Sporcle Settings to finish the process.

Report this User

Report this user for behavior that violates our Community Guidelines.

Details: